EL DISCURSO CRITICO DE MARX/

Guardat en:
Dades bibliogràfiques
Autor principal: Echeverría, Bolívar (autor)
Format: Llibre
Col·lecció:EL HOMBRE Y SU TIEMPO
Matèries:
Etiquetes: Afegir etiqueta
Sense etiquetes, Sigues el primer a etiquetar aquest registre!

MARC

LEADER 00000nam^a2200000^a^4500
001 000221661
005 20250521000000.0
009 20260310103922.222
020 |a 968-411-151-7 
035 |a 028753 
037 |a Acervo Xavier Clavigero 
082 |a 335. 4  |b ECH 
100 |a Echeverría, Bolívar  |e (autor) 
245 1 3 |a EL DISCURSO CRITICO DE MARX/  |c BOLIVAR ECHEVERRIA 
264 |a MEXICO :  |b ERA,  |c 1986 
300 |a 222p. 
336 |a texto  |b txt  |2 rdacontenido 
337 |a sin mediación  |b n  |2 rdamedio 
338 |a volumen  |b nc  |2 rdasoporte 
440 |a EL HOMBRE Y SU TIEMPO 
649 |a XX 
650 |a Comunismo 
910 |a Fondo General 
920 |a Impresos - Libros 
930 |a Colección General 
905 |a 101 
901 |a 028753  |b IT1  |c ACC  |i 028753  |u 20250521 
902 |a https://opac.biblio.iteso.mx/vufind/Record/000221661